Marilyn Monroe que estás en cielo

Uloženo v:
Podrobná bibliografie
Hlavní autor: Alcalde, Alfonso (Autor)
Médium: Kniha
Jazyk:španělština
Vydáno: Santiago Universitarias de Valparaíso 1972
Edice:Biblioteca de Cine
Témata:
Tagy: Přidat tag
Žádné tagy, Buďte první, kdo vytvoří štítek k tomuto záznamu!

MARC

LEADER 00000nam a2200000 a 4500
001 UCQ6905
003 CL-VaPUC
008 981023e19720000CL |||||||||||||||||spa|d
082 0 4 |a 927.914  |b ALC  |2 21 
100 0 |a Alcalde, Alfonso  |e author  |9 420830 
245 1 0 |a Marilyn Monroe que estás en cielo 
300 |a Pag. Irreg 
942 |c BK 
945 |d 19981023 00:00:00  |a crobeson 
260 |a Santiago  |b Universitarias de Valparaíso  |c 1972 
650 0 |a Actores de cine  |9 356708 
650 0 |a Cinematografía  |9 265198 
650 0 |a Biografías  |9 255210 
583 |a last modification  |c 19981023 00:00:00  |k Rodrigo Vera 
490 0 |a Biblioteca de Cine 
999 |c 276803  |d 276801 
952 |0 0  |1 0  |4 0  |6 927_914000000000000_ALC_1972  |7 0  |8 A  |9 314282  |a BIBEDU  |b BIBEDU  |d 2019-11-20  |i 1486160  |o 927.914 ALC 1972  |p 1486160  |r 2019-11-20  |w 2019-11-20  |y BK  |k LIT